South Parkified Disney Princesses Quiz Stats

 Plays Quiz not verified by Sporcle

Score 0/13 Timer 05:00
2 Plays Today
% Correct
Ariel
95.2%
Snow White
94.3%
Mulan
93.7%
Jasmine
92.4%
Belle
92.1%
Elsa
91.4%
Rapunzel
91.4%
Moana
90.8%
Pocahontas
90.5%
Aurora
88.9%
Cinderella
85.1%
Tiana
81%
Merida
79.4%

You're not logged in!

Compare scores with friends on all Sporcle quizzes.
OR
Log In

Show Comments

Extras

Top Quizzes Today


Score Distribution

Your Account Isn't Verified!

In order to create a playlist on Sporcle, you need to verify the email address you used during registration. Go to your Sporcle Settings to finish the process.

Report this User

Report this user for behavior that violates our Community Guidelines.

Details: